| 000 | 00339 a2200133 4500 | ||
|---|---|---|---|
| 040 |
_aDLC _bDLC |
||
| 082 | _a297.092 | ||
| 100 | _aBaqir, Majlasi | ||
| 245 |
_aRoohal Hayaat _cMajlasi Baqir |
||
| 260 |
_aKarachi:. _b Mehfooz Book Agency, _c1998 |
||
| 300 |
_a 704p. ; _c24 cm. |
||
| 650 | _aIslam--Zabt-e-hayat | ||
| 942 |
_cBK _k297.092 BAQ _2ddc |
||
| 999 |
_c8477 _d8477 |
||